<?xml version="1.0" encoding="UTF-8"?>
<record
    xmlns:xsi="http://www.w3.org/2001/XMLSchema-instance"
    xsi:schemaLocation="http://www.loc.gov/MARC21/slim http://www.loc.gov/standards/marcxml/schema/MARC21slim.xsd"
    xmlns="http://www.loc.gov/MARC21/slim">

  <leader>00414nam a22001337a 4500</leader>
  <controlfield tag="001">9789875582149</controlfield>
  <controlfield tag="003">AR-BeUNQ</controlfield>
  <controlfield tag="005">20220705200633.0</controlfield>
  <datafield tag="245" ind1="0" ind2="2">
    <subfield code="a"> Biotecnolog&#xED;a en la Argentina  :</subfield>
    <subfield code="b">Desarrollo y usos sociales. </subfield>
    <subfield code="c">Alberto D&#xED;az</subfield>
    <subfield code="h">libro</subfield>
  </datafield>
  <datafield tag="250" ind1="0" ind2=" ">
    <subfield code="a">1a.ed.</subfield>
  </datafield>
  <datafield tag="260" ind1=" " ind2=" ">
    <subfield code="a">Bernal : </subfield>
    <subfield code="b">Universidad :Nacional de Quilmes, </subfield>
    <subfield code="c">2013</subfield>
  </datafield>
  <datafield tag="490" ind1=" " ind2=" ">
    <subfield code="a">Nuevos enfoque en ciencia y tecnolog&#xED;a / Diego Golombek</subfield>
  </datafield>
  <datafield tag="942" ind1="0" ind2="6">
    <subfield code="c">LIB</subfield>
  </datafield>
  <datafield tag="999" ind1=" " ind2=" ">
    <subfield code="c">256</subfield>
    <subfield code="d">256</subfield>
  </datafield>
  <datafield tag="952" ind1=" " ind2=" ">
    <subfield code="0">0</subfield>
    <subfield code="1">0</subfield>
    <subfield code="7">0</subfield>
    <subfield code="a">BIBESET</subfield>
    <subfield code="b">BIBESET</subfield>
    <subfield code="c">sala</subfield>
    <subfield code="d">2022-06-16</subfield>
    <subfield code="l">0</subfield>
    <subfield code="o">660 / BIO</subfield>
    <subfield code="p">59512</subfield>
    <subfield code="r">2022-06-16</subfield>
    <subfield code="w">2022-06-16</subfield>
    <subfield code="y">LIB</subfield>
  </datafield>
</record>
